Drogowe przejścia graniczne Polski - Statystyki

Ogólne statystyki
  • Ten quiz został rozwiązany 223 razy
  • Średni wynik to 14 z 50
Odpowiedzi na mapie
Odpowiedzi zakodowano w zielono-czerwonej skali na mapie do tego quizu, zgodnie z poniższymi procentami.
 
Statystyki odpowiedzi
Granica Przejście % Poprawnych
Niemcy Świnoujście
74%
Ukraina Medyka
67%
Białoruś Terespol
63%
Rosja Gołdap
50%
Niemcy Kołbaskowo
48%
Niemcy Słubice
48%
Ukraina Korczowa
47%
Ukraina Hrebenne
44%
Niemcy Świecko
44%
Niemcy Jędrzychowice
42%
Litwa Budzisko
39%
Słowacja Chyżne
39%
Czechy Kudowa-Słone
37%
Białoruś Kukuryki
37%
Słowacja Barwinek
36%
Ukraina Dorohusk
34%
Niemcy Kostrzyn nad Odrą
34%
Rosja Bezledy
33%
Litwa Ogrodniki
33%
Białoruś Bobrowniki
32%
Ukraina Krościenko
31%
Czechy Lubawka
31%
Czechy Gorzyczki
30%
Ukraina Zosin
30%
Rosja Grzechotki
26%
Niemcy Olszyna
25%
Rosja Gronowo
24%
Czechy Jakuszyce
24%
Czechy Boboszów
22%
Białoruś Kuźnica Białostocka
22%
Niemcy Lubieszyn
22%
Białoruś Włodawa
22%
Czechy Głuchołazy
21%
Czechy Chałupki
19%
Słowacja Piwniczna
19%
Słowacja ZwardońMyto
19%
Niemcy Gubinek
18%
Niemcy Łęknica
18%
Słowacja Jurgów
16%
Niemcy Krajnik Dolny
16%
Czechy Golińsk
13%
Niemcy Rosówek
13%
Słowacja Muszynka
12%
Białoruś Połowce
12%
Białoruś Sławatycze
11%
Niemcy Przewóz
9%
Czechy Trzebina
8%
Czechy Cieszyn-Boguszowice
5%
Rosja Perły
4%
Czechy Pietrowice
3%
Nie znaleziono quizów pasujących do podanych kryteriów
Rozkład punktacji
Procent ludzi z każdym wynikiem
Percentyl według liczby udzielonych odpowiedzi
Twoja historia wyników
Nie rozwiązałeś tego quizu